[Event "AUTO-ADV-4906"]
[Site "http://www.queenalice.com/game.php?id=1866389"]
[Date "2025.11.29"]
[Round "1"]
[White "WHUSIRO"]
[Black "MHRangel"]
[Result "1-0"]
[WhiteElo "1997"]
[BlackElo "1721"]

1. e4 c5 2. Nf3 Nc6 3. d4 b6 4. d5 Nb8 5. Be2 d6 6. h3 e6 7. c4 g6 8. Qc2 Bg7 9.
Be3 Ne7 10. Nc3 O-O 11. h4 exd5 12. Nxd5 Nbc6 13. a3 Be6 14. Rd1 a6 15. Bf4 Bxd5
16. exd5 Ne5 17. Nxe5 Bxe5 18. Bxe5 dxe5 19. O-O 1-0

[Event "AUTO-ADV-4906"]
[Site "http://www.queenalice.com/game.php?id=1866390"]
[Date "2025.11.29"]
[Round "1"]
[White "MHRangel"]
[Black "WHUSIRO"]
[Result "0-1"]
[WhiteElo "1716"]
[BlackElo "2002"]

1. d4 Nf6 2. c4 e6 3. Nf3 c5 4. e3 cxd4 5. Nxd4 Nc6 6. a3 Be7 7. b4 d5 8. Bd3
O-O 9. O-O e5 10. Nxc6 bxc6 11. Nc3 Be6 12. cxd5 cxd5 13. e4 d4 14. Ne2 Rc8 15.
f4 exf4 16. Rxf4 Bd6 17. Rh4 Nd7 18. Rh5 Nf6 0-1

[Event "AUTO-OPEN-4630"]
[Site "http://www.queenalice.com/game.php?id=1866956"]
[Date "2025.12.13"]
[Round "1"]
[White "WHUSIRO"]
[Black "Magnaroc"]
[Result "1-0"]
[WhiteElo "1983"]
[BlackElo "1526"]

1. e4 e5 2. Nf3 Nc6 3. d4 exd4 4. Nxd4 Qh4 5. Nxc6 Qxe4+ 6. Be3 Qxc6 7. Bd3 Qxg2
8. Kd2 Qd5 9. Nc3 Bb4 10. Qg4 g6 11. a3 f5 12. Qxb4 1-0

[Event "AUTO-OPEN-4630"]
[Site "http://www.queenalice.com/game.php?id=1866957"]
[Date "2025.12.13"]
[Round "1"]
[White "Magnaroc"]
[Black "WHUSIRO"]
[Result "1-0"]
[WhiteElo "1582"]
[BlackElo "2022"]

1. e4 c5 2. Nf3 d6 3. Bb5+ Nc6 4. O-O Nf6 5. d3 Qc7 6. h3 e5 7. Nc3 a6 8. Bxc6+
bxc6 9. Bg5 Be7 10. Re1 h6 11. Bxf6 Bxf6 12. Ne2 O-O 13. Ng3 g5 14. Nf5 Bxf5 15.
exf5 Qd7 16. g4 Rab8 17. b3 e4 18. dxe4 Bxa1 19. Qxa1 f6 20. c4 Rfe8 21. Qxf6
Qg7 22. Qxd6 Rbc8 23. Qxc5 Qc3 24. Kg2 Red8 25. e5 Rd3 26. Re3 Rxe3 27. fxe3
Qb2+ 28. Kg3 Qxa2 29. Nd4 Qd2 30. Ne6 Qe1+ 31. Kf3 Qf1+ 32. Ke4 Qg2+ 33. Kd4
Qd2+ 34. Ke4 Qg2+ 35. Kd3 Qf1+ 36. Kc3 Qe1+ 37. Kb2 Qd2+ 38. Ka3 Qc1+ 39. Ka4
Qa1+ 40. Qa3 Qxe5 41. Nc5 Qxe3 42. Ne6 Kf7 43. Qb2 Ke7 44. Qg7+ Kd6 45. c5+ 1-0

[Event "AUTO-OPEN-4630"]
[Site "http://www.queenalice.com/game.php?id=1866958"]
[Date "2025.12.13"]
[Round "1"]
[White "WHUSIRO"]
[Black "SGF"]
[Result "1-0"]
[WhiteElo "1972"]
[BlackElo "1843"]

1. e4 e5 2. Nf3 Qf6 3. Be2 d6 4. Nc3 c6 5. d4 Be7 6. Bg5 Qg6 7. Bxe7 Nxe7 8.
dxe5 d5 9. exd5 cxd5 10. Nxd5 Nxd5 11. Qxd5 Qxc2 12. Qb5+ Nc6 13. O-O a6 14. Bd3
axb5 15. Bxc2 O-O 16. a3 Bg4 17. Rfe1 Bxf3 18. gxf3 Rfe8 19. f4 Re6 20. Rad1 h5
21. Rd7 b6 22. Bb3 Re7 23. Red1 h4 24. Kg2 Kf8 25. Kh3 g5 26. Rxe7 Nxe7 27. Kg4
Rc8 28. Kxg5 Kg7 29. h3 Ng6 30. Rd7 Rf8 31. e6 Nxf4 32. Kxf4 Kg6 33. exf7 Rxf7+
34. Rxf7 Kh6 35. Rf5 b4 36. Kg4 bxa3 37. bxa3 Kg6 38. Rb5 Kf6 39. Rxb6+ Ke5 40.
Rc6 Kd4 41. a4 Kd3 42. a5 Ke2 43. f4 Kf2 44. f5 Kg2 45. a6 Kh2 46. Rc3 Kg2 47.
f6 Kf2 48. f7 Kg2 49. f8=Q Kg1 50. Rc2 Kh1 51. Qf1# 1-0

[Event "AUTO-OPEN-4630"]
[Site "http://www.queenalice.com/game.php?id=1866959"]
[Date "2025.12.13"]
[Round "1"]
[White "SGF"]
[Black "WHUSIRO"]
[Result "0-1"]
[WhiteElo "1809"]
[BlackElo "2006"]

1. e4 c5 2. Qf3 d6 3. Bb5+ Bd7 4. Bc4 Nf6 5. e5 Bc6 6. Qf4 dxe5 7. Qg3 e4 8. d3
b5 9. Bb3 e6 10. Ne2 exd3 11. cxd3 g6 12. Bg5 Bg7 13. Nbc3 h6 14. Bxf6 Bxf6 15.
O-O O-O 16. Nf4 Re8 17. h4 Bxh4 18. Qh3 Kh7 19. g3 Bf6 20. a4 b4 21. Nb5 a6 22.
Nc3 bxc3 23. bxc3 a5 24. Rac1 Na6 25. Rfd1 Rb8 26. Bc4 Nc7 27. Kh2 Qe7 28. Re1
Qd6 29. Ra1 Bxc3 30. Rac1 Bxe1 31. Rxe1 Rb2 32. Re2 Rxe2 33. Nxe2 Bxa4 34. f4
Bc2 35. g4 Rd8 36. Kg2 Bxd3 37. Bxd3 Qxd3 38. Qxd3 Rxd3 39. Kf2 a4 40. Nc1 Rd8
41. g5 h5 42. Kg3 Rd1 43. Na2 Rd3+ 44. Kf2 h4 45. Nc1 Rd8 46. Ke2 a3 47. f5 exf5
48. Kf3 Nb5 49. Kg2 Nd4 50. Kh3 c4 51. Kxh4 Re8 52. Kh3 Re1 53. Na2 Nb3 54. Kg3
Nc1 55. Nxc1 Rxc1 56. Kf4 a2 57. Ke5 a1=Q+ 58. Kd6 Qa5 59. Ke7 Kg7 60. Kd6 Re1
61. Kc6 c3 62. Kd6 c2 63. Kd7 c1=R 64. Kd6 Qc5+ 65. Kd7 Rcd1# 0-1

[Event "AUTO-OPEN-4630"]
[Site "http://www.queenalice.com/game.php?id=1866960"]
[Date "2025.12.13"]
[Round "1"]
[White "WHUSIRO"]
[Black "chessman"]
[Result "1/2-1/2"]
[WhiteElo "1993"]
[BlackElo "2104"]

1. e4 e6 2. d4 d5 3. exd5 exd5 4. Bd3 Nf6 5. Bg5 Be7 6. Nf3 O-O 7. O-O c6 8. Re1
Re8 9. Nbd2 Nbd7 10. c3 Nf8 11. Qc2 Be6 12. b3 h6 13. Bh4 a6 14. Bg3 Qd7 15. a4
Rac8 16. Ne5 Qd8 17. h3 N6d7 18. f4 Nxe5 19. fxe5 c5 20. Qd1 cxd4 21. cxd4 Qd7
22. Rc1 Rxc1 23. Qxc1 Rc8 24. Qb2 Bb4 25. Rc1 Rxc1+ 26. Qxc1 Qc8 27. Qxc8 Bxc8
28. Nf3 Be6 29. Be1 Bxe1 30. Nxe1 1/2-1/2

[Event "AUTO-OPEN-4630"]
[Site "http://www.queenalice.com/game.php?id=1866961"]
[Date "2025.12.13"]
[Round "1"]
[White "chessman"]
[Black "WHUSIRO"]
[Result "1-0"]
[WhiteElo "2074"]
[BlackElo "2007"]

1. e4 c5 2. Nf3 d6 3. Bb5+ Bd7 4. Bxd7+ Nxd7 5. O-O Ngf6 6. Re1 e5 7. c3 Be7 8.
d4 O-O 9. dxe5 dxe5 10. Qe2 a6 11. Bg5 h6 12. Bh4 Nh7 13. Bxe7 Qxe7 14. Nbd2 b5
15. b3 Rad8 16. Rad1 Rfe8 17. Nf1 Nb6 18. Ne3 g6 19. Rxd8 Rxd8 20. Rd1 f6 21.
Rxd8+ Qxd8 22. Qd2 Qxd2 23. Nxd2 Kf7 24. Kf1 Ke6 25. Ke2 h5 26. f3 Nf8 27. c4 b4
28. Nd5 Nxd5 29. cxd5+ Kd6 30. Nc4+ Kd7 31. g3 g5 32. Ke3 Ng6 33. Kd3 Ne7 34.
Ke3 Nc8 35. f4 g4 36. fxe5 fxe5 37. Nxe5+ Kd6 38. Nc4+ Ke7 39. e5 Kf7 40. Kf4
Ne7 41. Ke4 Ke8 42. d6 Nc6 43. e6 Kd8 44. Kd5 1-0